Ethnic groups in China - Statistics

General Stats
  • This quiz has been taken 57 times
  • The average score is 23 of 75
Answer Stats
Family Population Ethnicity % Correct
Altaic (Mongolic) 6.29 million Mongol
89%
Altaic (Turkic) 12.77 million Uyghur
87%
Sino-Tibetan (Tibetic) 7.06 million Tibetan
83%
Altaic (Koreanic) 2.11 million Korean
76%
Sino-Tibetan (Sinitic) 1.28 billion Han Chinese
74%
Kra-Dai (Central Tai) 19.56 million Zhuang
72%
Sino-Tibetan (Sinitic) 11.37 million Hui
65%
Altaic (Japonic) 172 k Japanese
63%
Altaic (Tungusic) 10.42 million Manchu
63%
Altaic (Turkic) 1.56 million Kazakh
61%
Hmong-Mien (Mienic) 11.06 million Miao
61%
Indo-European (Slavic) 16 k Russian
57%
Austroasiatic (Vietic) 303 k Vietnamese
57%
Altaic (Turkic) 204 k Kyrgyz
54%
Indo-European (Iranic) 2 k Tajik
54%
Sino-Tibetan (Macro-Bai) 2.09 million Bai
52%
Sino-Tibetan (Lolo-Burmese) 9.83 million Yi
46%
Kra-Dai (Hlai) 1.60 million Li
43%
Altaic (Turkic) 14 k Uzbek
43%
Sino-Tibetan (Macro-Bai) 9.59 million Tujia
41%
Kra-Dai (Southwestern Tai) 1.48 million Dai
39%
Sino-Tibetan (Qiangic) 312 k Qiang
39%
Sino-Tibetan (Sinitic) 710 k She
37%
Altaic (Turkic) 13 k Tuvan
37%
Altaic (Tungusic) 34 k Evenki
35%
Sino-Tibetan (Lolo-Burmese) 1.73 million Hani
33%
Sino-Tibetan (Lolo-Burmese) 762 k Lisu
33%
Altaic (Turkic) 165 k Salar
33%
Kra-Dai (Kam-Sui) 496 k Sui
33%
Austroasiatic (Khasi-Palaungic) 430 k Wa
33%
Austronesian (Philippine) 12 k Filipino
30%
Sino-Tibetan (Lolo-Burmese) 36 k Nu
30%
Altaic (Turkic) 18 k Yugur
30%
Kra-Dai (Northern Tai) 3.78 million Bouyei
28%
Kra-Dai (Kam-Sui) 3.49 million Dong
28%
Sino-Tibetan (Lolo-Burmese) 720 k Lahu
28%
Altaic (Tungusic) 9 k Oroqen
28%
Altaic (Tungusic) 5 k Nanai
26%
Altaic (Turkic) 3 k Tatar
26%
Hmong-Mien (Mienic) 3.31 million Yao
26%
Altaic (Mongolic) 131 k Daur
24%
Kra-Dai (Kra) 677 k Gelao
24%
Altaic (Mongolic) 775 k Dongxiang
22%
Austronesian (Formosan) 3.5 k Gaoshan
22%
Sino-Tibetan (Brahmaputran) 160 k Jingpo
22%
Altaic (Tungusic) 192 k Xibe
22%
Altaic (Mongolic) 106 k Oirat
20%
Indo-European (Iranic) 51 k Pamiri
20%
Sino-Tibetan (Qiangic) 7 k Derung
17%
Altaic (Japonic) 4 k Ryukyuan
17%
Sino-Tibetan (Tibetic) 2 k Sherpa
17%
Austroasiatic (Khasi-Palaungic) 127 k Blang
15%
Kra-Dai (Kam-Sui) 277 k Mulao
15%
Sino-Tibetan (Lolo-Burmese) 326 k Nakhi
15%
Altaic (Mongolic) 24 k Bonan
13%
Kra-Dai (Kam-Sui) 124 k Maonan
13%
Austroasiatic (Khasi-Palaungic) 33 k Palaung
13%
Sino-Tibetan (Lolo-Burmese) 43 k Achang
11%
Altaic (Turkic) 1 k Khakas
11%
Austroasiatic (Khmuic) 7 k Khmu
11%
Sino-Tibetan (Tibetic) 4 k Lhoba
11%
Altaic (Mongolic) 289 k Monguor
11%
Sino-Tibetan (Qiangic) 45 k Pumi
11%
Austronesian (Malayo-Polynesian) 10 k Utsul
11%
Altaic (Turkic) 50 k Äynu
9%
Sino-Tibetan (Lolo-Burmese) 240 k Akha
7%
Altaic (Turkic) 6 k Altaian
7%
Sino-Tibetan (Qiangic) 15 k Baima
7%
Sino-Tibetan (Lolo-Burmese) 26 k Jino
7%
Sino-Tibetan (Tibetic) 11 k Monpa
7%
Sino-Tibetan (Macro-Bai) 40 k Caijia
4%
Afroasiatic (Semitic) 1 k Mizrahim
4%
Sino-Tibetan (Tibetic) 1.5 k Keriya
2%
Sino-Tibetan (Lolo-Burmese) 5 k Bisu
0%
Kra-Dai (Kra) 2 k Buyang
0%
No matching quizzes found
Score Distribution
Percent of People with Each Score
Percentile by Number Answered
Your Score History
You have not taken this quiz